Zrušiť rok dieťaťa.. Nad V. ročníkom televízneho festivalu Cena Dunaja

Bibliographic Details
Main Author: Puškáš, Jozef, 1951- (Author)
Format: Article
Language:Slovak
PhysicalDescription:Obr. 1.
Subjects:

MARC

LEADER 00000nab a2200000 a 4500
001 vtls000042086
003 SK-MaSNL
005 20260303023112.0
008 111103c1979 xo 0 slo
015 |a SNBRB19rr/mm-uuuuu 
035 |a CL0052181 
040 |a SNKBUCL  |b slo  |c SNKBUCL  |e AACR2 
041 0 |a slo 
044 |a xo  |c SK 
080 |a 792.2.097  |2 1981 
100 1 |a Puškáš, Jozef,  |d 1951-  |4 aut  |9 100431 
245 1 0 |a Zrušiť rok dieťaťa..  |b Nad V. ročníkom televízneho festivalu Cena Dunaja  |c Jozef Puškáš 
300 |b Obr. 1. 
650 0 7 |a televízia  |2 snkbucl  |9 16407 
650 0 7 |a Cena Dunaja 79  |2 snkbucl  |9 1004956 
651 7 |a 5100  |2 snkbucl  |9 166206 
655 7 |a články z novín a časopisov  |2 snkbucl  |9 267496 
773 0 |t Pravda  |g Roč. 60, č. 233 (3. 10. 1979), s. 5 
850 |a Slovenská národná knižnica v Martine  |a MTA001 
852 |a SNK  |b KIS3GCP 
958 |a RK 
992 |a RBX 
999 |c 1632575  |d 1634505